GP von Japan (2025) - Ergebnisse - Statistiken

Allgemein
  • Dieses Quiz wurde 86 mal gespielt
  • Das Durchschnittsergebnis liegt bei 9 aus 10
Antwortstatistiken
Position Punkte Fahrer % Korrekt
4 12 Charles Leclerc
100%
1 25 Max Verstappen
100%
2 18 Lando Norris
99%
3 15 Oscar Piastri
99%
5 10 George Russell
95%
6 8 Andrea Kimi Antonelli
93%
7 6 Lewis Hamilton
92%
9 2 Alexander Albon
85%
8 4 Isack Hadjar
79%
10 1 Oliver Bearman
73%
Keine übereinstimmenden Quizze gefunden
Verteilung der Resultate
Anzahl Personen mit jedem Resultat
Perzentil nach korrekt beantworteten Fragen
Ihre Resultats-Entwicklung
Sie haben dieses Quiz noch nicht gespielt